00552nam a2200169Ia 4500952012900000999001700129003000400146005001700150008004100167040000900208082001700217100002600234245003300260260004000293300000900333942004000342 00102ddc40708HISTORYaMESbMEScHISd2019-02-20g1.50l0o958.1 GUH/Ap1575r2019-02-20 00:00:00w2019-02-20yBKzGL34R4 c18648d18648OSt20200708102345.0190216s9999||||xx |||||||||||||| ||und|| coclc a958.1bGUH/A aGuha, Amalendu 93646 0aAfghanistan /cAmalendu Guha bVidyarthimithram,c1966.aKottayam: a106p cBK2ddch958.1iGUH/Ak958.1mGUH/A